000 00670cab a2200253 4500
001 ABS49315
008 090401t1993 xxu||||| |||| 00| 0 eng d
035 _a(Sirsi) u70880
041 _aeng
100 _aMynors, C.
245 _aM`learned friend
260 _c1993
350 _a0
490 _aContext
_v(39) September 1993, 29-31(3)
520 _aSummarises the provisions of the recently published draft PPG15 on conservation areas.
650 _aCONSERVATION AREAS
650 _aDRAFT PPG15
650 _aPLANNING POLICY
650 _aPPG15
690 _aCONSERVATION
690 _aPLANNING LAW AND PRACTICE
942 _n0
948 _c04/03/1997
999 _c44652
_d44652